Statistics for Random Brand Logo Quiz

Click here to take the quiz!

General Stats

  • This quiz has been taken 385 times
    (365 since last reset)
  • The average score is 17 of 25

Answer Stats

Answer% Correct
McDonald's
96%
Ford
94%
Coca-Cola
91%
Google
90%
Burger King
86%
Walmart
86%
KFC
85%
PlayStation
84%
Firefox
82%
Pizza Hut
82%
Jif
81%
eBay
80%
JetPunk
76%
Pampers
76%
NBC
61%
Tiffany & Co.
59%
American Airlines
58%
Firestone
58%
Domino's Pizza
57%
CBS
55%
Verizon
52%
Wells Fargo
48%
Beats by Dr Dre
32%
Skoda Auto
27%
Kangol
15%

Score Distribution

Percentile by Number Answered

Percent of People with Each Score

Your Score History

You have not taken this quiz since the last reset